Lịch Thái ứng dụng và lễ hội Bà Trầy

Nội dung sách nói về những ứng dụng của lịch Thái trong đời sống người Thái ở Nghệ An và lễ hội Bà Trầy của dân tộc Thổ. Sách gồm hai phần. Phần 1: Lịch Thái ứng dụng. Phần 2: Lễ hội Bà Trầy....

Descripció completa

Guardat en:
Dades bibliogràfiques
Autor principal: Quán, Vi Miên
Format: Llibre
Idioma:Undetermined
Publicat: Hà Nội Khoa học - Xã hội 2015
Matèries:
Etiquetes: Afegir etiqueta
Sense etiquetes, Sigues el primer a etiquetar aquest registre!
Thư viện lưu trữ: Trung tâm Học liệu Trường Đại học Cần Thơ
LEADER 00962nam a2200205Ia 4500
001 CTU_209327
008 210402s9999 xx 000 0 und d
082 |a 529.309597 
082 |b M305 
100 |a Quán, Vi Miên 
245 0 |a Lịch Thái ứng dụng và lễ hội Bà Trầy 
245 0 |c Quán Vi Miên (Chủ biên), Vi Khăm Mun, Đinh Xuân Uy 
260 |a Hà Nội 
260 |b Khoa học - Xã hội 
260 |c 2015 
520 |a Nội dung sách nói về những ứng dụng của lịch Thái trong đời sống người Thái ở Nghệ An và lễ hội Bà Trầy của dân tộc Thổ. Sách gồm hai phần. Phần 1: Lịch Thái ứng dụng. Phần 2: Lễ hội Bà Trầy. 
650 |a Lịch,Calendar 
650 |z Việt Nam,Vietnam 
904 |i Châu Thiên Phúc,Hải 
980 |a Trung tâm Học liệu Trường Đại học Cần Thơ